[Event "Girona Gerunda Cup 2nd"]
[Site "Girona"]
[Date "2018.10.30"]
[Round "6"]
[White "Castrillon Otero, Javier"]
[Black "Bigas Hospital, Jordi"]
[Result "0-1"]
[WhiteElo "2127"]
[BlackElo "2158"]
[PlyCount "114"]
[EventDate "2018.09.25"]
[EventType "tourn"]
[EventRounds "9"]
[EventCountry "ESP"]
[SourceTitle "EXT 2020"]
[Source "ChessBase"]
[SourceDate "2019.10.17"]
[SourceVersion "1"]
[SourceVersionDate "2019.10.17"]
[SourceQuality "1"]

1. d4 Nf6 2. c4 g6 3. Nc3 d5 4. cxd5 Nxd5 5. Bd2 Bg7 6. e4 Nb6 7. Be3 0-0 8. Nf3 Bg4 9. Be2 Nc6 10. d5 Bxf3 11. gxf3 Ne5 12. Bd4 c5 13. Bxc5 Nec4 14. Bxb6 Qxb6 15. Bxc4 Qxb2 16. 0-0 Qxc3 17. Rc1 Qe5 18. Qd2 Rac8 19. Rfe1 Qh5 20. f4 Qg4+ 21. Kh1 Qf3+ 22. Kg1 Bh6 23. Qe3 Qxf4 24. Qxf4 Bxf4 25. Rc2 b5 26. Bd3 Rxc2 27. Bxc2 Rc8 28. Bd3 a6 29. Rb1 Rc3 30. Rb3 Rxb3 31. axb3 Kg7 32. Bf1 Kf6 33. Bh3 Ke5 34. Bc8 a5 35. Bd7 a4 36. bxa4 b4 37. a5 Kxe4 38. a6 Bb8 39. Ba4 Kd4 40. Kf1 Kc3 41. Ke2 b3 42. Kd1 Ba7 43. f3 Be3 44. h3 f6 45. a7 Bxa7 46. Kc1 Be3+ 47. Kb1 b2 48. Bd7 Bc1 49. Be6 Kd3 50. Bg8 h6 51. Bh7 Kd4 52. Bxg6 Kxd5 53. Kc2 Kd4 54. Bf7 Ke3 55. Bd5 f5 56. Be6 Kxf3 57. Bxf5 e5 0-1

[Event "Girona Gerunda Cup 2nd"]
[Site "Girona"]
[Date "2018.10.16"]
[Round "4"]
[White "Lazaro Pujol, Abel"]
[Black "Bigas Hospital, Jordi"]
[Result "0-1"]
[WhiteElo "2184"]
[BlackElo "2158"]
[PlyCount "133"]
[EventDate "2018.09.25"]
[EventType "tourn"]
[EventRounds "9"]
[EventCountry "ESP"]
[SourceTitle "EXT 2020"]
[Source "ChessBase"]
[SourceDate "2019.10.17"]
[SourceVersion "1"]
[SourceVersionDate "2019.10.17"]
[SourceQuality "1"]

1. e4 e6 2. d4 d5 3. Nc3 Nf6 4. e5 Nfd7 5. f4 c5 6. Nf3 Nc6 7. Be3 Be7 8. Qd2 0-0 9. a3 b6 10. Be2 f5 11. 0-0 cxd4 12. Nxd4 Nxd4 13. Bxd4 Nc5 14. Bd3 Bd7 15. Qe3 Qc7 16. Rac1 Rac8 17. Ne2 Qb7 18. h3 Kh8 19. Kh2 Rg8 20. g4 g6 21. gxf5 gxf5 22. Bxf5 Rcf8 23. Bd3 Nxd3 24. cxd3 Be8 25. Rg1 Bg6 26. Rcf1 Qa6 27. Rf3 Qb5 28. Rfg3 Bf5 29. Qf2 Rg6 30. Rxg6 Bxg6 31. Rd1 Bxd3 32. Nc3 Qa6 33. Qe3 Bf5 34. Rg1 Rg8 35. Rxg8+ Kxg8 36. Qf2 Kf7 37. Qe2 Bd3 38. Qe3 Bf5 39. Qe2 Bd3 40. Qg2 Qc4 41. Qf2 Bf5 42. Qd2 Qf1 43. Qe3 Bh4 44. a4 Bxh3 45. Qxh3 Qxf4+ 46. Kg2 Qxd4 47. Qf3+ Ke7 48. Nb5 Qxe5 49. Nxa7 Qg5+ 50. Kh3 Be1 51. Nc8+ Kd7 52. Qf7+ Kxc8 53. Qxe6+ Kc7 54. Qxe1 Qf5+ 55. Kg3 Qd3+ 56. Kf4 Qc4+ 57. Kg3 Qb3+ 58. Kg2 Qxb2+ 59. Kh3 Qb3+ 60. Kg2 Qc2+ 61. Kh3 Qd3+ 62. Kh2 Qc2+ 63. Kh3 Qf5+ 64. Kh2 Qf4+ 65. Kh3 Kd6 66. Qb1 Qf3+ 67. Kh2 0-1

[Event "Girona Gerunda Cup 2nd"]
[Site "Girona"]
[Date "2018.10.02"]
[Round "2"]
[White "Rovira Vila, Jaume"]
[Black "Bigas Hospital, Jordi"]
[Result "1-0"]
[WhiteElo "2204"]
[BlackElo "2158"]
[PlyCount "145"]
[EventDate "2018.09.25"]
[EventType "tourn"]
[EventRounds "9"]
[EventCountry "ESP"]
[SourceTitle "EXT 2020"]
[Source "ChessBase"]
[SourceDate "2019.10.17"]
[SourceVersion "1"]
[SourceVersionDate "2019.10.17"]
[SourceQuality "1"]

1. e4 g6 2. d4 Bg7 3. Nf3 d6 4. Nbd2 Nf6 5. Bd3 0-0 6. 0-0 Nbd7 7. c3 e5 8. dxe5 Nxe5 9. Nxe5 dxe5 10. Nc4 Re8 11. Qc2 c6 12. Rd1 Qc7 13. b4 Be6 14. f3 Bxc4 15. Bxc4 b5 16. Bf1 a6 17. Be3 Rad8 18. a4 Rxd1 19. Rxd1 Rd8 20. c4 Bf8 21. Rxd8 Qxd8 22. axb5 cxb5 23. cxb5 axb5 24. Bc5 Nd7 25. Bxf8 Qxf8 26. Qc6 Qd8 27. Qxb5 Qb6+ 28. Qxb6 Nxb6 29. Bb5 Kf8 30. Kf2 Ke7 31. Ke3 Kd6 32. Kd3 f5 33. Kc3 h6 34. Be8 fxe4 35. fxe4 g5 36. Kb3 Ke7 37. Bh5 Kd6 38. Bg4 Kc6 39. Be2 Kd6 40. Bb5 Ke7 41. Kc3 Kd6 42. Kd3 Ke7 43. Ke3 Kf6 44. Kf3 Kg6 45. Be8+ Kg7 46. b5 Kf8 47. Bc6 Ke7 48. Kg4 Kf6 49. Kh5 Kg7 50. Kg4 Kf6 51. Kh5 Kg7 52. g3 Nc4 53. Kg4 Kf6 54. h3 Nb6 55. h4 Nc4 56. Kh5 gxh4 57. Kxh4 Kg6 58. Be8+ Kf6 59. Kh5 Kg7 60. Bc6 Nb6 61. g4 Nc8 62. g5 hxg5 63. Kxg5 Kf7 64. Kf5 Ke7 65. Kxe5 Nb6 66. Bd5 Kd7 67. Kd4 Na4 68. Bc6+ Kd6 69. e5+ Ke6 70. Bd5+ Kd7 71. Bb3 Nb6 72. Kc5 Nc8 73. b6 1-0

[Event "Santa Eugenia op 13th"]
[Site "Santa Eugenia"]
[Date "2018.07.30"]
[Round "1"]
[White "Gallardo Gonzalez, Rafael"]
[Black "Bigas Hospital, Jordi"]
[Result "0-1"]
[WhiteElo "1501"]
[BlackElo "1985"]
[PlyCount "104"]
[EventDate "2018.07.30"]
[EventType "swiss"]
[EventRounds "9"]
[EventCountry "ESP"]
[SourceTitle "CBM 185 Extra"]
[Source "ChessBase"]
[SourceDate "2018.07.29"]
[SourceVersion "1"]
[SourceVersionDate "2018.07.29"]
[SourceQuality "1"]

1. e4 e5 2. Nf3 Nc6 3. Bc4 Bc5 4. b4 Bxb4 5. c3 Ba5 6. d4 exd4 7. 0-0 Nge7 8. Ng5 Ne5 9. Bxf7+ Nxf7 10. Nxf7 Kxf7 11. Qh5+ Ng6 12. Qxa5 d6 13. cxd4 Re8 14. Nc3 c6 15. Qh5 Kg8 16. Bg5 Qa5 17. Rac1 Be6 18. f4 Bf7 19. f5 Ne5 20. Qh3 Qb6 21. Be3 Nc4 22. f6 Nxe3 23. Qxe3 Bg6 24. Rf4 Rf8 25. Rcf1 Qc7 26. e5 dxe5 27. dxe5 Rae8 28. e6 gxf6 29. Rxf6 Rxf6 30. Rxf6 Qb6 31. Qxb6 axb6 32. Na4 Kg7 33. Rf4 b5 34. Nc5 b6 35. Nd7 Rxe6 36. Nxb6 Bd3 37. Rd4 Bg6 38. Nd7 Re1+ 39. Kf2 Ra1 40. Rd2 Bf7 41. Ne5 Bd5 42. Ke3 Kf6 43. Nd3 Rxa2 44. Rxa2 Bxa2 45. Nb4 Bd5 46. Nxd5+ cxd5 47. Kd4 b4 48. g3 Kf5 49. h3 h5 50. Ke3 b3 51. Kd2 d4 52. Kc1 d3 0-1

[Event "Girona Tardor Tancat"]
[Site "Girona"]
[Date "2017.11.07"]
[Round "5"]
[White "Castrillon Otero, Javier"]
[Black "Bigas Hospital, Jordi"]
[Result "1/2-1/2"]
[WhiteElo "2189"]
[BlackElo "2122"]
[PlyCount "85"]
[EventDate "2017.09.26"]
[EventType "tourn"]
[EventRounds "9"]
[EventCountry "ESP"]
[SourceTitle "EXT 2019"]
[Source "ChessBase"]
[SourceDate "2018.10.10"]
[SourceVersion "1"]
[SourceVersionDate "2018.10.10"]
[SourceQuality "1"]

1. d4 Nf6 2. Nf3 g6 3. Nbd2 d5 4. e3 Bg7 5. Bd3 Nbd7 6. 0-0 0-0 7. c4 c5 8. b3 b6 9. Bb2 Bb7 10. Rc1 Rc8 11. Qe2 e6 12. Ne5 cxd4 13. exd4 Nxe5 14. dxe5 dxc4 15. Nxc4 Nd5 16. f4 Qh4 17. Qf2 Qxf2+ 18. Rxf2 Nb4 19. Be2 Rfd8 20. Ba3 Nxa2 21. Rc2 b5 22. Rxa2 bxc4 23. Bxc4 Bd5 24. Bxd5 Rxd5 25. Rfc2 Ra8 26. Bd6 Bf8 27. Bxf8 Kxf8 28. Rc7 Rb5 29. Ra3 a5 30. Kf2 Rb4 31. Rc4 Rab8 32. Rxb4 Rxb4 33. Ke3 Ke7 34. g3 f6 35. exf6+ Kxf6 36. Kd3 Rb5 37. Kc3 Rh5 38. g4 Rd5 39. Ra2 h5 40. gxh5 Rxh5 41. Re2 Rf5 42. Re4 Rh5 43. Re2 1/2-1/2

[Event "Can Ninetes op 11th"]
[Site "Can Ninetes"]
[Date "2016.08.01"]
[Round "9"]
[White "Gonzalez Vericat, Sergio"]
[Black "Bigas Hospital, Jordi"]
[Result "1/2-1/2"]
[WhiteElo "2141"]
[BlackElo "1896"]
[PlyCount "31"]
[EventDate "2016.08.01"]
[EventType "swiss"]
[EventRounds "9"]
[EventCountry "ESP"]
[SourceTitle "CBM 173 Extra"]
[Source "ChessBase"]
[SourceDate "2016.08.29"]
[SourceVersion "1"]
[SourceVersionDate "2016.08.29"]
[SourceQuality "1"]

1. b3 Nf6 2. Bb2 g6 3. Bxf6 exf6 4. c4 Bg7 5. Nc3 b6 6. e3 Bb7 7. Nf3 0-0 8. Be2 f5 9. Rc1 d6 10. 0-0 Nd7 11. d4 c5 12. Qc2 Qe7 13. Rfd1 Rfd8 14. Nb5 Be4 15. Qd2 Nf6 16. Qe1 1/2-1/2

[Event "Can Ninetes op 11th"]
[Site "Can Ninetes"]
[Date "2016.08.01"]
[Round "4"]
[White "Rovira Vila, Jaume"]
[Black "Bigas Hospital, Jordi"]
[Result "1/2-1/2"]
[WhiteElo "1951"]
[BlackElo "1896"]
[PlyCount "53"]
[EventDate "2016.08.01"]
[EventType "swiss"]
[EventRounds "9"]
[EventCountry "ESP"]
[SourceTitle "CBM 173 Extra"]
[Source "ChessBase"]
[SourceDate "2016.08.29"]
[SourceVersion "1"]
[SourceVersionDate "2016.08.29"]
[SourceQuality "1"]

1. e4 e6 2. d4 d5 3. Bd3 dxe4 4. Bxe4 Nf6 5. Bf3 c5 6. Ne2 Nc6 7. Be3 Qb6 8. dxc5 Bxc5 9. Bxc5 Qxc5 10. Bxc6+ Qxc6 11. 0-0 0-0 12. Nd4 Qb6 13. Nb3 Bd7 14. Qd4 Qc7 15. Nc3 Rfd8 16. Qh4 Bc6 17. Nd4 Be8 18. Rae1 Qc4 19. Nf5 Qxh4 20. Nxh4 Rd2 21. Re2 Rad8 22. Nf3 Rxe2 23. Nxe2 Bb5 24. Re1 Bxe2 25. Rxe2 Rd1+ 26. Re1 Rxe1+ 27. Nxe1 1/2-1/2

[Event "Can Ninetes op 11th"]
[Site "Can Ninetes"]
[Date "2016.08.01"]
[Round "8"]
[White "Vidal Palou, Jordi"]
[Black "Bigas Hospital, Jordi"]
[Result "0-1"]
[WhiteElo "1704"]
[BlackElo "1896"]
[PlyCount "60"]
[EventDate "2016.08.01"]
[EventType "swiss"]
[EventRounds "9"]
[EventCountry "ESP"]
[SourceTitle "CBM 173 Extra"]
[Source "ChessBase"]
[SourceDate "2016.08.29"]
[SourceVersion "1"]
[SourceVersionDate "2016.08.29"]
[SourceQuality "1"]

1. d4 d5 2. Nf3 Nf6 3. e3 g6 4. Bd3 Bg7 5. c3 0-0 6. 0-0 Nbd7 7. Nbd2 b6 8. e4 dxe4 9. Nxe4 Bb7 10. Nxf6+ Nxf6 11. Bg5 h6 12. Bxf6 Bxf6 13. Qd2 Kg7 14. Qc2 Qd6 15. Be4 Bxe4 16. Qxe4 Rfd8 17. Rad1 c5 18. Ne5 cxd4 19. cxd4 Rac8 20. f4 e6 21. Rf3 Qd5 22. Qd3 Qxa2 23. Rg3 Bxe5 24. fxe5 Qxb2 25. Rg4 Rc1 26. h3 Rdc8 27. Rxc1 Rxc1+ 28. Kh2 Qf2 29. d5 h5 30. Rxg6+ fxg6 0-1

[Event "Girona Territorial-ch"]
[Site "Girona"]
[Date "2013.11.24"]
[Round "8"]
[White "Mas Recorda, Pere"]
[Black "Bigas Hospital, Jordi"]
[Result "0-1"]
[WhiteElo "2032"]
[BlackElo "1843"]
[PlyCount "40"]
[EventDate "2013.09.22"]
[EventType "swiss"]
[EventRounds "9"]
[EventCountry "ESP"]
[SourceTitle "EXT 2015"]
[Source "ChessBase"]
[SourceDate "2014.11.20"]
[SourceVersion "1"]
[SourceVersionDate "2014.11.20"]
[SourceQuality "1"]

1. d4 Nf6 2. c4 e6 3. Nc3 c5 4. d5 d6 5. e4 Be7 6. f4 0-0 7. Nf3 a6 8. a4 exd5 9. Nxd5 Bg4 10. Be2 Nbd7 11. h3 Bxf3 12. Bxf3 Ne8 13. 0-0 f5 14. exf5 Rxf5 15. Bg4 Rf8 16. Be6+ Kh8 17. Be3 Nc7 18. Qd3 Rb8 19. Rae1 b5 20. axb5 axb5 0-1

[Event "Girona Territorial-ch"]
[Site "Girona"]
[Date "2013.10.27"]
[Round "5"]
[White "Bigas Hospital, Jordi"]
[Black "Alejo Alvarez, Ricardo"]
[Result "0-1"]
[WhiteElo "1843"]
[BlackElo "2005"]
[PlyCount "60"]
[EventDate "2013.09.22"]
[EventType "swiss"]
[EventRounds "9"]
[EventCountry "ESP"]
[SourceTitle "EXT 2015"]
[Source "ChessBase"]
[SourceDate "2014.11.20"]
[SourceVersion "1"]
[SourceVersionDate "2014.11.20"]
[SourceQuality "1"]

1. e4 e5 2. Nf3 Nf6 3. Nc3 Bb4 4. a3 Bxc3 5. dxc3 d5 6. Bg5 c6 7. h3 Qb6 8. Bxf6 gxf6 9. b3 Be6 10. exd5 cxd5 11. Qe2 Nd7 12. Qb5 Qc7 13. c4 Rc8 14. Be2 Rg8 15. Nd2 dxc4 16. Bxc4 Rxg2 17. 0-0-0 a6 18. Qb4 b5 19. Bd3 Nc5 20. Kb1 Nxd3 21. cxd3 Qc2+ 22. Ka1 Qc3+ 23. Qxc3 Rxc3 24. Rhg1 Rxg1 25. Rxg1 Rxd3 26. Ne4 Rxb3 27. Rg8+ Ke7 28. Rb8 Rxa3+ 29. Kb2 Ra2+ 30. Kc3 Bd5 0-1